Nomi dei calciatori - Quiz n°30 - Statistics

Statistiche generali
  • Questo quiz è stato fatto 55 volte
  • Il punteggio medio è 9 su 10
Statistiche sulle risposte
Hint Risposta % Corretto
Verdi Simone
96%
Aubameyang Pierre-Emerick
94%
Tonali Sandro
94%
Bellingham Jude
92%
Evra Patrice
92%
Havertz Kai
84%
Ghezzal Rachid
80%
Floccari Sergio
80%
Behrami Valon
74%
Batshuayi Michy
66%
Nessun quiz corrispondente trovato
Distribuzione punteggi
Percentuale di utenti per punteggio
Percentile per numero di risposta
I tuoi punteggi nel tempo
Non hai fatto questo quiz